La vuelta al mundo en 80 días / (Registro nro. 10728)

Detalles MARC
000 -LIDER
fixed length control field 00944nam a2200301 4500
001 - NÚMERO DE CONTROL
Identificador de número de control 000367
003 - IDENTIFICACDOR DE NÚMERO DE CONTROL
control field DO-SdBNP
005 - DATE AND TIME OF LATEST TRANSACTION
control field 20180207123403.0
007 - CAMPOS FIJOS DE DESCRIPCIÓN FÍSICA
fixed length control field 000367
008 - ELEMENTOS DE LONGITUD FIJA
fixed length control field 160706b 1980 sp ||||| |||| 00| 0 spa d
020 ## - ISBN
International Standard Book Number 8402074855
040 ## - FUENTE DE CATALOGACIÓN
Agencia que crea de manera original el registro BPMSU
Idioma de catalogación spa
Agencia que realiza la transcripción BPMSU
092 ## - LOCALLY ASSIGNED DEWEY DECIMAL CALL NUMBER
Número de clasificación xxxxxx
Número de ítem (Cutter) xxxxxx
100 1# - ASIENTO PRINCIPAL -- NOMBRE PERSONAL
Nombre personal Verne, Jules,
Fechas asociadas con el nombre 1828-1905.
240 10 - TITULO UNIFORME
Título uniforme Le tour du monde en quatre-vingt jours.
Idioma de una obra Español.
245 10 - MENCIÓN DE TITULO
Título La vuelta al mundo en 80 días /
Mención de responsabilidad Julio Verne ; adaptación de Agustín Núñez ; ilustraciones de Juan Cicuéndez.
260 ## - PUBLICACIÓN, DISTRIBUCIÓN, ETC. (PIE DE IMPRENTA)
Lugar de publicación, distribución, etc Barcelona :
Nombre del editor, distribuidor, etc. Bruguera,
Fecha de publicación, distribución, etc 1980.
300 ## - DESCRIPCIÓN FÍSICA
Extensión 176 p. :
Otros detalles físicos il. ;
Dimensiones 19 cm.
490 1# - MENCIÓN DE SERIES
Mención de serie Historias
Volume/sequential designation 5
490 1# - MENCIÓN DE SERIES
Mención de serie Biblioteca verde
700 12 - ASIENTO SECUNDARIO -- NOMBRE PERSONAL
Nombre personal Núñez, Agustín
700 12 - ASIENTO SECUNDARIO -- NOMBRE PERSONAL
Nombre personal Cicuéndez, Juan,
Mención de responsabilidad il.
830 #0 - ASIENTO SECUNDARIO DE SERIE--TÍTULO UNIFORME
Nombre de la parte o sección de una obra Historias ;
Número de la parte o sección de una obra 5
830 #0 - ASIENTO SECUNDARIO DE SERIE--TÍTULO UNIFORME
Nombre de la parte o sección de una obra Biblioteca verde
942 ## - ADDED ENTRY ELEMENTS (KOHA)
Source of classification or shelving scheme Dewey Decimal Classification
Koha item type Libros
945 ## - INFORMACIÓN DE PROCESAMIENTO LOCAL
Información de procesamiento local Inventariado, 2018/MFF
956 ## - LOCAL ELECTRONIC LOCATION AND ACCESS (OCLC)
Método de acceso LOPEREZ
Materiales especificados 10
Enlace 20160706
Campo enlazado y núm. de secuencia BPMSU
Nombre de host 00041
Existencias
Withdrawn status Lost status Source of classification or shelving scheme Damaged status Not for loan Collection code Home library Current library Date acquired Source of acquisition Total Checkouts Barcode Date last seen Price effective from Koha item type
    Dewey Decimal Classification     Colección Juvenil General Biblioteca Pública Metropolitana Salomé Ureña Biblioteca Pública Metropolitana Salomé Ureña 07/06/2016 FUNDI   BPMSU16070159 07/06/2016 07/06/2016 Libros